Principles of Biochemistry / (Record no. 17066)
[ view plain ]
| 000 -LEADER | |
|---|---|
| fixed length control field | 01085nam a2200313 a 4500 |
| 001 - CONTROL NUMBER | |
| control field | 015950638 |
| 003 - CONTROL NUMBER IDENTIFIER | |
| control field | Uk |
| 005 - DATE AND TIME OF LATEST TRANSACTION | |
| control field | 20240818092943.0 |
| 008 - FIXED-LENGTH DATA ELEMENTS--GENERAL INFORMATION | |
| fixed length control field | 111024s2012 mauac b 001 0 eng d |
| 015 ## - | |
| -- | GBB251362 |
| -- | bnb |
| 020 ## - INTERNATIONAL STANDARD BOOK NUMBER | |
| International Standard Book Number | 0321795792 (pbk.) : |
| 020 ## - INTERNATIONAL STANDARD BOOK NUMBER | |
| International Standard Book Number | 9780321795793 (pbk.) : |
| 082 04 - DEWEY DECIMAL CLASSIFICATION NUMBER | |
| Classification number | 572 |
| Edition number | 23 |
| Item number | PRI |
| 245 00 - TITLE STATEMENT | |
| Title | Principles of Biochemistry / |
| Statement of responsibility, etc | Laurence A. Moran ... [et al.]. |
| 250 ## - EDITION STATEMENT | |
| Edition statement | 5th ed. |
| 260 ## - | |
| -- | Boston, Mass. ; |
| -- | London : |
| -- | Pearson, |
| -- | c2012. |
| 300 ## - PHYSICAL DESCRIPTION | |
| Extent | xxxiii, 786 p. : |
| Other physical details | ill. (chiefly col.), ports. (some col.) ; |
| Dimensions | 28 cm. |
| 336 ## - CONTENT TYPE | |
| Source | rdacontent |
| Content type term | text |
| Content type code | txt |
| 337 ## - MEDIA TYPE | |
| Media type term | unmediated |
| Source | rdamedia |
| Media type code | n |
| 338 ## - CARRIER TYPE | |
| Carrier type term | volume |
| Carrier type code | nc |
| Source | rdacarrier |
| 500 ## - GENERAL NOTE | |
| General note | Previous ed.: Upper Saddle River, N.J.; London: Pearson Prentice Hall, 2006. |
| 500 ## - GENERAL NOTE | |
| General note | Includes Internet access. |
| 500 ## - GENERAL NOTE | |
| General note | "International edition"--Cover. |
| 504 ## - BIBLIOGRAPHY, ETC. NOTE | |
| Bibliography, etc | Includes bibliographical references and index. |
| 650 #0 - SUBJECT ADDED ENTRY--TOPICAL TERM | |
| Topical term or geographic name as entry element | Biochemistry. |
| 9 (RLIN) | 31093 |
| 653 ## - INDEX TERM--UNCONTROLLED | |
| Resource For college | |
| Arrived date list | October2012 |
| 700 1# - ADDED ENTRY--PERSONAL NAME | |
| Personal name | Moran, Laurence A., |
| Dates associated with a name | 1956- |
| 9 (RLIN) | 31094 |
| 942 ## - ADDED ENTRY ELEMENTS (KOHA) | |
| Source of classification or shelving scheme | Dewey Decimal Classification |
| Koha item type | Book - Borrowing |
| Classification part | RDA-MOD |
| Withdrawn status | Lost status | Source of classification or shelving scheme | Damaged status | Not for loan | Collection code | Home library | Current library | Shelving location | Date acquired | Source of acquisition | Total Checkouts | Total Renewals | Full call number | Barcode | Checked out | Date last seen | Date checked out | Price effective from | Koha item type |
|---|---|---|---|---|---|---|---|---|---|---|---|---|---|---|---|---|---|---|---|
| Dewey Decimal Classification | Baccah | Central Library | Central Library | First floor | 08/10/2012 | 5 | 5 | 572 PRI | 000027635 | 01/04/2026 | 02/03/2026 | 02/03/2026 | 08/10/2012 | Book - Borrowing |